00162 a2200073 4500020001800000100001100018245003500029260002400064 a9780333969199 aTemple aStudying the Built Environment bPan MacMillanc2002